| 000 | 01013nam a2200205Ia 4500 | ||
|---|---|---|---|
| 999 |
_c40349 _d40349 |
||
| 001 | 6957 | ||
| 003 | GE_BSU | ||
| 005 | 20190701155207.0 | ||
| 008 | 181216s1985||||ge |||||||||||||| ||geo|| | ||
| 041 | _ageo | ||
| 080 | _a621.753.4 შ-22 | ||
| 100 |
_aშანშიაშვილი, გ. _93128 |
||
| 245 |
_aდეტალებისა და ნამზადების ბაზირების საფუძვლები : ლექციების კონსპექტი / _cგ. შანშიაშვილი ; რედ : ე.გიორგაძე. |
||
| 264 |
_aთბილისი : _bსპი, _c1985. |
||
| 300 |
_a502 გვ .: _bნახაზ. _c20 სმ. |
||
| 504 | _aბიბლიოგრ.:გვ.51 | ||
| 653 | _aდეტალებისა და ნამზადების ბაზირების საფუძვლები | ||
| 700 |
_aგიორგაძე, ე _eრედაქტორი _9398 |
||
| 942 |
_cBK _2udc |
||